000 01134nam a2200349 i 4500
001 bgj
100 1 _aBRONTE, Emily
_d(1818-1848).
245 1 0 _aWuthering Heights /
_cEmily Bronte ; edited with introduction by Ian Jack.
250 _a[Repr.].
260 _aOxford ;
_aNew York :
_bOxford University Press,
_c1989.
300 _aXXVIII, 370 pp ;
_c19 cm.
490 1 _aThe World's Classics
500 _aReprinted (with minor corr.) to the 1st World's Classics pbk ed. of 1981.
504 _aBibliography p. XXIII-XXV.
505 _aIncludes note on the text, a chronology of the author and genealogical table.
650 9 _aTriangles |(Interpersonal relations)
650 9 _aRejection |(Psychology)
650 9 _aRural families
650 9 _aFoundlings
650 9 _aPsychological fiction
650 9 _aDomestic fiction
650 9 _aLove stories
655 _aFiction
700 1 _aJACK, Ian.
_eintrod.
830 _aThe World's Classics
020 _a0192815431 (pbk)
040 _cBPK
041 1 _aeng
920 _a0-19-281543-1 (pbk)
942 _cKS
008 s uk f |000 0 eng
999 _c49308
_d49308